| 000 | 00874cam a2200325 a 4500 | ||
|---|---|---|---|
| 999 |
_c1686 _d1686 |
||
| 001 | 016701334 | ||
| 003 | UkOxU | ||
| 005 | 20210629104513.0 | ||
| 008 | 950818s1995 mau 000 0 eng|| | ||
| 010 | _a94016049 | ||
| 020 | _a0201576821 | ||
| 020 | _a9780201576825 | ||
| 035 | _a(UkShU)0201576821 | ||
| 035 | _a(UkShU)1374992 | ||
| 035 | _a(UkLCURL)141374992 | ||
| 038 | _aUkLCURL | ||
| 040 |
_aDLC _cDLC _dUK-MaMUL |
||
| 049 | _ll | ||
| 050 | 0 | 0 |
_aQA276.12 _b.T76 1995 |
| 082 | 0 |
_a519.5 _220 |
|
| 100 | 1 | _aTriola, Mario F. | |
| 245 | 1 | 0 |
_aElementary statistics / _cMario F. Triola.. |
| 250 | _a6th ed. | ||
| 260 |
_aReading, Mass. : _bAddison-Wesley, _c1995. |
||
| 300 |
_axvi, 726, 62, 8 p. ; _c26 cm. |
||
| 504 | _aIncludes bibliographical references and index. | ||
| 650 | 0 | _aStatistics. | |
| 942 |
_2lcc _cBK _nSO |
||